[Event "BSV - Berliner Einzelmeisterschaft 2025 "]
[Site "Berlin, Germany"]
[Date "2025.04.19"]
[Round "1.1"]
[White "Florstedt, Johannes"]
[Black "Vavulin, Maxim"]
[Result "0-1"]
[WhiteElo "2382"]
[BlackElo "2527"]
[PlyCount "82"]
[GameId "2175545364656283"]
[EventDate "2025.??.??"]

1. e4 g6 2. d4 Bg7 3. Nf3 d6 4. Be3 c6 5. Qd2 Nd7 6. Nc3 b5 7. a4 b4 8. Ne2 a5 9. Ng3 Nb6 10. c3 bxc3 11. bxc3 Be6 12. h4 h6 13. h5 g5 14. d5 cxd5 15. Bb5+ Kf8 16. Bxb6 Qxb6 17. exd5 Qc5 18. Nd4 Bxd5 19. O-O Be5 20. Nge2 Nf6 21. f4 gxf4 22. Nxf4 Bb7 23. Rf2 Bxf4 24. Qxf4 Qxh5 25. Nf5 Ne4 26. Re2 e5 27. Qf1 Rg8 28. Rae1 Ng5 29. Re3 Nf3+ 30. Rxf3 Qxf3 31. Qxf3 Bxf3 32. Kf2 Bxg2 33. Nxd6 Ke7 34. Nf5+ Kf6 35. Ng3 Bb7 36. Nh5+ Ke6 37. Bc4+ Kd6 38. Rd1+ Kc5 39. Bxf7 Raf8 40. Rd7 Bc6 41. Re7 Bd5 0-1

[Event "BSV - Berliner Einzelmeisterschaft 2025 "]
[Site "Berlin, Germany"]
[Date "2025.04.19"]
[Round "1.2"]
[White "Baldauf, Marco"]
[Black "Czernek, Tymon"]
[Result "0-1"]
[WhiteElo "2457"]
[BlackElo "2374"]
[PlyCount "74"]
[GameId "2175545364664476"]
[EventDate "2025.??.??"]

1. d4 Nf6 2. c4 e6 3. Nc3 Bb4 4. Qc2 d5 5. cxd5 exd5 6. Bg5 h6 7. Bh4 g5 8. Bg3 h5 9. e3 Ne4 10. f3 Nxg3 11. hxg3 Qe7 12. e4 Rh6 13. O-O-O Bxc3 14. Qxc3 dxe4 15. fxe4 Bg4 16. Nf3 Nd7 17. Bb5 O-O-O 18. Rhe1 Nb6 19. Kb1 a6 20. Bf1 h4 21. gxh4 gxh4 22. Rd2 Rc6 23. Qb3 Re6 24. Qc2 Rc6 25. Qb3 Re6 26. Qc2 h3 27. Nh2 Qh4 28. Re3 Nd5 29. g3 Nxe3 30. gxh4 Nxc2 31. Kxc2 Rc6+ 32. Kd3 Bd7 33. Rf2 Rh6 34. Nf3 Rg8 35. Ke3 Bg4 36. Rh2 Bxf3 37. Kxf3 Rxh4 0-1

[Event "BSV - Berliner Einzelmeisterschaft 2025 "]
[Site "Berlin, Germany"]
[Date "2025.04.19"]
[Round "1.3"]
[White "Klenburg, Mikhail"]
[Black "Berger, Steve"]
[Result "1-0"]
[WhiteElo "2338"]
[BlackElo "2425"]
[PlyCount "81"]
[GameId "2175545333755916"]
[EventDate "2025.??.??"]

1. e4 e6 2. d3 d5 3. Nd2 Nc6 4. Ngf3 Nf6 5. c3 a5 6. Qc2 e5 7. Be2 Bc5 8. O-O O-O 9. a4 Re8 10. h3 h6 11. Re1 d4 12. Nc4 Bf8 13. Bf1 Nd7 14. Bd2 Nc5 15. Rec1 Be6 16. Be1 Bxc4 17. dxc4 d3 18. Qd1 Qf6 19. Nd2 Rad8 20. f3 h5 21. Bf2 h4 22. Qe1 Be7 23. Rd1 Rd7 24. Be3 Red8 25. Qf2 b6 26. Kh1 Qg6 27. Rdb1 Ne6 28. Nb3 Bg5 29. Re1 d2 30. Red1 Bxe3 31. Qxe3 Qh6 32. Qxh6 gxh6 33. Kg1 Kg7 34. Kf2 Kg6 35. Ke3 Nc5 36. Ra3 Kg5 37. Nxc5 bxc5 38. Rb3 f5 39. Rb5 fxe4 40. fxe4 Rd6 41. Rxc5 1-0

[Event "BSV - Berliner Einzelmeisterschaft 2025 "]
[Site "Berlin, Germany"]
[Date "2025.04.19"]
[Round "1.4"]
[White "Poltorak, Sebastian"]
[Black "Noeldner, Julian"]
[Result "1-0"]
[WhiteElo "2417"]
[BlackElo "2279"]
[PlyCount "51"]
[GameId "2175545364664478"]
[EventDate "2025.??.??"]

1. d4 Nf6 2. c4 g6 3. f3 e6 4. e4 c5 5. d5 d6 6. Ne2 Bg7 7. Nec3 Nh5 8. Be3 f5 9. Qd2 O-O 10. Be2 Qh4+ 11. Bf2 Qf4 12. g3 Qxd2+ 13. Nxd2 a6 14. O-O-O b5 15. cxb5 axb5 16. Bxb5 fxe4 17. dxe6 Bxe6 18. Ndxe4 Bxc3 19. Nxc3 Rxf3 20. Rxd6 Rxf2 21. Rxe6 Ra7 22. Rd1 Rb7 23. a4 Rxh2 24. Ne4 Kg7 25. Rd8 Rg2 26. Nd6 1-0

[Event "BSV - Berliner Einzelmeisterschaft 2025 "]
[Site "Berlin, Germany"]
[Date "2025.04.19"]
[Round "1.5"]
[White "Foerster, Jonas"]
[Black "Richter, Michael"]
[Result "1-0"]
[WhiteElo "2266"]
[BlackElo "2402"]
[PlyCount "129"]
[GameId "2175545333760014"]
[EventDate "2025.??.??"]

1. Nf3 d5 2. d4 e6 3. c4 c6 4. e3 Nf6 5. Qc2 Nbd7 6. Nc3 Bd6 7. g4 h6 8. Rg1 e5 9. cxd5 cxd5 10. Be2 e4 11. Nd2 Nb6 12. a4 Be6 13. a5 Nc8 14. a6 bxa6 15. Qa4+ Kf8 16. h3 g5 17. f3 exf3 18. Nxf3 Kg7 19. Qxa6 Rb8 20. Qd3 Re8 21. h4 Nh7 22. hxg5 Nxg5 23. Nxg5 Qxg5 24. e4 Qh4+ 25. Kf1 dxe4 26. Qxe4 Qh3+ 27. Qg2 Qxg2+ 28. Kxg2 Rb4 29. Rh1 Rh8 30. Ra4 Rxa4 31. Nxa4 Ne7 32. Nc3 Ng6 33. Kf3 Be7 34. d5 Bd7 35. Ne4 f5 36. gxf5 Bxf5 37. Ng3 Bc8 38. Nh5+ Kh7 39. Bd3 Rf8+ 40. Nf4 Bf5 41. Bxf5 Rxf5 42. Ke4 Re5+ 43. Kd4 Bf6 44. Kc5 Ne7 45. Kd6 Nf5+ 46. Kc7 Re7+ 47. Kc6 Nd4+ 48. Kd6 Nf5+ 49. Kc6 Nd4+ 50. Kd6 Re4 51. Ne6 Nf5+ 52. Kd7 Re5 53. Rd1 h5 54. d6 h4 55. Rg1 Ng7 56. Nxg7 Bxg7 57. Kc6 Bf6 58. Rf1 Kg6 59. Rxf6+ Kxf6 60. d7 Ke7 61. Bf4 Rd5 62. Kxd5 Kxd7 63. b4 h3 64. b5 Kc8 65. Kc6 1-0

[Event "BSV - Berliner Einzelmeisterschaft 2025 "]
[Site "Berlin, Germany"]
[Date "2025.04.19"]
[Round "1.6"]
[White "Polzin, Rainer"]
[Black "Matthes, Aaron"]
[Result "1/2-1/2"]
[WhiteElo "2401"]
[BlackElo "2253"]
[PlyCount "71"]
[GameId "2175545364668576"]
[EventDate "2025.??.??"]

1. e4 c5 2. Nc3 Nc6 3. Bb5 Nd4 4. Nf3 a6 5. Bd3 g6 6. O-O Bg7 7. Re1 d6 8. h3 Nc6 9. a3 Nf6 10. Rb1 O-O 11. b4 cxb4 12. axb4 b5 13. Bf1 d5 14. e5 Ne4 15. Nxe4 dxe4 16. Rxe4 Qd5 17. Re3 Nxe5 18. Nxe5 Bxe5 19. Be2 Qd6 20. Bf3 Ra7 21. Bb2 Bxb2 22. Rxb2 Rd7 23. d3 Bb7 24. Bxb7 Rxb7 25. Qe1 Rc8 26. c3 Rbc7 27. d4 e6 28. Ra2 Rc6 29. Ra3 Qc7 30. Qa1 a5 31. Rxa5 Rxc3 32. Rxc3 Qxc3 33. Qxc3 Rxc3 34. Rxb5 Rc1+ 35. Kh2 Rd1 36. Rb8+ 1/2-1/2

[Event "BSV - Berliner Einzelmeisterschaft 2025 "]
[Site "Berlin, Germany"]
[Date "2025.04.19"]
[Round "1.7"]
[White "Hesse, Henrik"]
[Black "Ermitsch, Magnus"]
[Result "1/2-1/2"]
[WhiteElo "2252"]
[BlackElo "2401"]
[PlyCount "98"]
[GameId "2175545333764112"]
[EventDate "2025.??.??"]

1. c4 e6 2. g3 d5 3. Bg2 Nf6 4. Nf3 c5 5. cxd5 Nxd5 6. Nc3 Nc6 7. O-O Be7 8. d4 cxd4 9. Nxd4 Nxd4 10. Nxd5 Nxe2+ 11. Qxe2 exd5 12. Rd1 Be6 13. Bxd5 Bxd5 14. Qb5+ Qd7 15. Qxd7+ Kxd7 16. Rxd5+ Kc6 17. Rf5 f6 18. Be3 b6 19. a4 g6 20. Rf4 Rac8 21. Re4 Rhe8 22. Rc1+ Kb7 23. Rd1 f5 24. Re5 Bf6 25. Rd7+ Kc6 26. Red5 Be5 27. b4 Rc7 28. b5+ Kb7 29. Bg5 Kc8 30. Rd8+ Rxd8 31. Rxd8+ Kb7 32. Re8 Bd6 33. Bf6 Rc8 34. Re6 Kc7 35. Be7 Kd7 36. Rxd6+ Kxe7 37. Rd4 Ke6 38. Kg2 Rc3 39. h3 h5 40. h4 Ra3 41. Kf1 Ke5 42. Rf4 Kd5 43. Ke2 Kc5 44. Kd2 Rb3 45. Kc2 Rb4 46. Kc3 Re4 47. f3 Re3+ 48. Kd2 Ra3 49. g4 hxg4 1/2-1/2

[Event "BSV - Berliner Einzelmeisterschaft 2025 "]
[Site "Berlin, Germany"]
[Date "2025.04.19"]
[Round "1.8"]
[White "Ahmadinia, Ebrahim"]
[Black "Jahnz, Fabian"]
[Result "1-0"]
[WhiteElo "2396"]
[BlackElo "2242"]
[PlyCount "107"]
[GameId "2175545364668578"]
[EventDate "2025.??.??"]

1. e4 d5 2. exd5 Qxd5 3. Nc3 Qd8 4. d4 Nf6 5. Nf3 Bg4 6. h3 Bxf3 7. Qxf3 c6 8. Qd3 e6 9. Bd2 Bb4 10. a3 Be7 11. g3 Nbd7 12. Bg2 O-O 13. f4 a5 14. O-O Qb6 15. Be3 Nd5 16. Bf2 Nxc3 17. bxc3 Qa6 18. a4 Qxd3 19. cxd3 Rac8 20. Rab1 b6 21. Rfc1 Rfd8 22. Kf1 Bd6 23. Ke2 h5 24. Be3 c5 25. dxc5 Bxc5 26. d4 Ba3 27. Rc2 Rc4 28. Kd3 Rc7 29. Ra2 Be7 30. Kc2 Nf6 31. Rxb6 Bb4 32. Rc6 Rxc6 33. Bxc6 Bxc3 34. Kxc3 Rc8 35. Kd3 Rxc6 36. Bd2 h4 37. gxh4 Nd5 38. Rc2 Rb6 39. Rc5 Rb3+ 40. Kc2 Rxh3 41. Rxa5 Rxh4 42. Rc5 g5 43. a5 g4 44. a6 Kg7 45. Rc8 g3 46. a7 Nb6 47. Rc3 Rg4 48. Be3 g2 49. Bg1 Rxf4 50. Rg3+ Kf6 51. d5 Na8 52. d6 Rf1 53. Rxg2 e5 54. Rg8 1-0

[Event "BSV - Berliner Einzelmeisterschaft 2025 "]
[Site "Berlin, Germany"]
[Date "2025.04.19"]
[Round "1.9"]
[White "Brustkern, Juergen"]
[Black "Bueyuekasik, Diyap"]
[Result "0-1"]
[WhiteElo "2093"]
[BlackElo "2236"]
[PlyCount "118"]
[GameId "2175545333768210"]
[EventDate "2025.??.??"]

1. b3 e5 2. Bb2 Nc6 3. e3 Nge7 4. Nf3 Ng6 5. c4 Be7 6. Nc3 O-O 7. a3 f5 8. Nd5 e4 9. Nd4 Bc5 10. Nb5 a6 11. b4 axb5 12. bxc5 bxc4 13. Bxc4 Kh8 14. O-O Nce5 15. Be2 d6 16. cxd6 Qxd6 17. Nf4 Nxf4 18. exf4 Nc6 19. d3 Qxf4 20. Qc1 Qxc1 21. Raxc1 Rd8 22. Rfd1 Be6 23. dxe4 fxe4 24. Kf1 Kg8 25. Ke1 Kf7 26. Rd2 Rd6 27. Bb5 Rc8 28. Bxc6 bxc6 29. Be5 Rd5 30. Rxd5 Bxd5 31. Rc3 g6 32. g4 Ke6 33. Bf4 Kd7 34. Rh3 Bg8 35. Re3 Ra8 36. Rc3 Be6 37. h3 Rb8 38. Ke2 Bd5 39. Ke3 Rb2 40. Bg3 g5 41. h4 gxh4 42. Bxh4 Rb8 43. Bg5 Be6 44. f3 exf3 45. Kxf3 Rg8 46. Kf4 Bxg4 47. Rd3+ Kc8 48. Kxg4 h6 49. Kh5 Rxg5+ 50. Kxh6 Rg1 51. Kh5 Kb7 52. Rb3+ Ka6 53. Kh4 c5 54. Rg3 Rxg3 55. Kxg3 Kb5 56. Kf3 Ka4 57. Ke3 Kxa3 58. Kd2 Kb3 59. Kc1 Kc3 0-1

[Event "BSV - Berliner Einzelmeisterschaft 2025 "]
[Site "Berlin, Germany"]
[Date "2025.04.19"]
[Round "1.10"]
[White "Nogly, Christoph"]
[Black "Verbitsky, Jaroslaw"]
[Result "1-0"]
[WhiteElo "2203"]
[BlackElo "2065"]
[PlyCount "93"]
[GameId "2175545364672676"]
[EventDate "2025.??.??"]

1. d4 d5 2. c4 c6 3. Nf3 Nf6 4. Qb3 dxc4 5. Qxc4 b5 6. Qd3 Nbd7 7. g3 Bb7 8. Bg2 a6 9. b4 e5 10. Nxe5 Nxe5 11. dxe5 Qxd3 12. exd3 Bxb4+ 13. Bd2 Bxd2+ 14. Nxd2 Ng4 15. d4 O-O-O 16. Bh3 f5 17. exf6 Rxd4 18. Nb3 Re8+ 19. Kf1 Rc4 20. f3 c5 21. Na5 Bxf3 22. Nxc4 bxc4 23. Bxg4+ Bxg4 24. fxg7 Rg8 25. Kf2 Rxg7 26. Rhe1 Rf7+ 27. Ke3 Rf3+ 28. Ke4 Rf2 29. Rac1 Be6 30. Ke5 Kd7 31. a4 Rxh2 32. Rb1 c3 33. Red1+ Kc7 34. Rdc1 Re2+ 35. Kf6 Re3 36. a5 Bd5 37. g4 c4 38. Rb6 Be4 39. Ke5 c2 40. Kd4 Re2 41. Re6 Bd3 42. Rxe2 Bxe2 43. Rxc2 Bxg4 44. Rxc4+ Kd6 45. Rb4 Be2 46. Rb6+ Ke7 47. Rh6 1-0

[Event "BSV - Berliner Einzelmeisterschaft 2025 "]
[Site "Berlin, Germany"]
[Date "2025.04.19"]
[Round "1.11"]
[White "Rose, Daniel"]
[Black "Jahnz, Laurin"]
[Result "1/2-1/2"]
[WhiteElo "2022"]
[BlackElo "2192"]
[PlyCount "77"]
[GameId "2175545364672677"]
[EventDate "2025.??.??"]

1. d4 d5 2. c4 e6 3. cxd5 exd5 4. Nc3 c6 5. Bf4 Ne7 6. e3 Ng6 7. Bg3 Be7 8. Bd3 O-O 9. Nf3 Bg4 10. h3 Bxf3 11. Qxf3 Nh4 12. Bxh4 Bxh4 13. O-O Be7 14. Rab1 Nd7 15. b4 b5 16. e4 Nb6 17. exd5 Nxd5 18. Nxd5 Qxd5 19. Qxd5 cxd5 20. Bxb5 Rab8 21. a4 Rfc8 22. Ba6 Rc2 23. b5 Bf6 24. Rfc1 Rxc1+ 25. Rxc1 Bxd4 26. Rd1 Bb6 27. Rxd5 Rd8 28. Rxd8+ Bxd8 29. Kf1 Kf8 30. Ke2 Ke7 31. Kd3 Kd6 32. Bb7 Bb6 33. f3 Bd8 34. Kc4 Ba5 35. Bd5 f6 36. Bg8 h5 37. Kd4 h4 38. Ke4 g5 39. Kf5 1/2-1/2

[Event "BSV - Berliner Einzelmeisterschaft 2025 "]
[Site "Berlin, Germany"]
[Date "2025.04.19"]
[Round "1.12"]
[White "Yatskar, Martin"]
[Black "Pererva, Viktor"]
[Result "1-0"]
[WhiteElo "2169"]
[BlackElo "2017"]
[PlyCount "87"]
[GameId "2175545333768213"]
[EventDate "2025.??.??"]

1. d4 d5 2. c4 e6 3. Nc3 a6 4. cxd5 exd5 5. Bf4 Nf6 6. e3 Bd6 7. Bg5 Be6 8. Bd3 Nbd7 9. f4 h6 10. Bh4 g5 11. fxg5 hxg5 12. Bxg5 Bxh2 13. Nf3 Bg3+ 14. Kd2 Rg8 15. Qc2 c5 16. Bh7 Rg7 17. Bf5 cxd4 18. Rh8+ Nf8 19. Qa4+ Qd7 20. Qxd4 Bxf5 21. Bxf6 Rg4 22. Rxf8+ Kxf8 23. Rh1 Rxd4+ 24. Nxd4 Bh3 25. Rxh3 Qxh3 26. gxh3 Re8 27. Nxd5 Be5 28. Bxe5 Rxe5 29. Nf4 Ke7 30. h4 Kf6 31. b4 Re8 32. a4 Rg8 33. a5 Rg1 34. Nb3 Rb1 35. Nc5 Kf5 36. Nfd3 Rh1 37. Nxb7 Rxh4 38. Nbc5 Rh6 39. Kc3 Rd6 40. Nb2 Rc6 41. Nc4 Kf6 42. Nxa6 Rxa6 43. b5 Ra8 44. b6 1-0

[Event "BSV - Berliner Einzelmeisterschaft 2025 "]
[Site "Berlin, Germany"]
[Date "2025.04.19"]
[Round "1.13"]
[White "Krefenstein, Sergej"]
[Black "Matviienko, Mykhailo"]
[Result "0-1"]
[WhiteElo "2013"]
[BlackElo "2158"]
[PlyCount "112"]
[GameId "2175545364672679"]
[EventDate "2025.??.??"]

1. e4 e6 2. d4 d5 3. e5 c5 4. c3 Qb6 5. Nf3 Nc6 6. a3 a5 7. Be2 Bd7 8. O-O a4 9. dxc5 Bxc5 10. c4 dxc4 11. Nbd2 Na5 12. Nxc4 Nxc4 13. Bxc4 h6 14. Qe2 Ne7 15. Bd2 Bc6 16. Rfd1 Rd8 17. Rab1 O-O 18. b4 axb3 19. Bxb3 Qc7 20. Bb4 Bxf3 21. Qxf3 Bxb4 22. axb4 Nc6 23. Re1 Nxb4 24. Re4 Nc6 25. Qc3 Ra8 26. Ba4 Ra6 27. Rc4 Qxe5 28. Bxc6 Qxc3 29. Rxc3 Rxc6 30. Rd3 Rfc8 31. Rdd1 R6c7 32. g3 Kf8 33. Kg2 Ke7 34. Rb6 Ra8 35. Rdb1 Ra7 36. h4 Kd8 37. R1b4 h5 38. R6b5 g6 39. Kf3 Kc8 40. Kf4 Ra3 41. f3 Rac3 42. g4 R3c5 43. Rb6 Rd7 44. R6b5 Rd4+ 45. Rxd4 Rxb5 46. Ra4 Kb8 47. Ra3 Rd5 48. Re3 b5 49. Rb3 Kb7 50. Rc3 b4 51. Rb3 Rb5 52. gxh5 gxh5 53. Ke4 Kc6 54. Kd4 Kd6 55. f4 Rf5 56. Ke4 Kc5 0-1

[Event "BSV - Berliner Einzelmeisterschaft 2025 "]
[Site "Berlin, Germany"]
[Date "2025.04.19"]
[Round "1.14"]
[White "Torosyan, Bagrat"]
[Black "Heerde, Thomas"]
[Result "0-1"]
[WhiteElo "2145"]
[BlackElo "1983"]
[PlyCount "72"]
[GameId "2175545364672680"]
[EventDate "2025.??.??"]

1. Nf3 g6 2. g3 Bg7 3. Bg2 e5 4. O-O Nc6 5. c4 d6 6. Nc3 f5 7. d3 Nge7 8. Ne1 O-O 9. Nc2 a5 10. Ne3 g5 11. Ned5 f4 12. a3 Ng6 13. Ne4 g4 14. Rb1 a4 15. f3 Nd4 16. e3 gxf3 17. exd4 fxg2 18. Kxg2 c6 19. Nb4 exd4 20. Bxf4 Nxf4+ 21. Rxf4 Rxf4 22. gxf4 Kh8 23. Qh5 Qf8 24. Ng5 h6 25. Re1 Bd7 26. Kg3 Re8 27. Rxe8 Bxe8 28. Qh3 Bg6 29. Ne6 Qf5 30. Qxf5 Bxf5 31. Nd8 c5 32. Nf7+ Kh7 33. Nxd6 Bg6 34. f5 Bh5 35. Nd5 Be2 36. f6 Bf8 0-1

[Event "BSV - Berliner Einzelmeisterschaft 2025 "]
[Site "Berlin, Germany"]
[Date "2025.04.19"]
[Round "1.15"]
[White "Vollmar, Timo"]
[Black "Niehaus, Frank"]
[Result "0-1"]
[WhiteElo "1882"]
[BlackElo "2126"]
[PlyCount "64"]
[GameId "2175545333776408"]
[EventDate "2025.??.??"]

1. e4 c5 2. Nf3 d6 3. d4 cxd4 4. Nxd4 Nf6 5. Nc3 g6 6. Be3 Bg7 7. f3 O-O 8. Qd2 Nc6 9. O-O-O Bd7 10. g4 Rc8 11. h4 Ne5 12. h5 Qa5 13. Kb1 Nxf3 14. Nxf3 Rxc3 15. Qxc3 Qxc3 16. bxc3 Nxe4 17. Bd4 Bxg4 18. Bg2 e5 19. Be3 Nxc3+ 20. Kc1 Nxd1 21. Rxd1 e4 22. hxg6 exf3 23. gxh7+ Kxh7 24. Bf1 Bh6 25. Bxh6 Kxh6 26. Rxd6+ Kg5 27. Kd2 Re8 28. Rd4 Re7 29. Bd3 Rd7 30. Rxd7 Bxd7 31. Ke3 Kg4 32. Be4 Bc6 0-1

[Event "BSV - Berliner Einzelmeisterschaft 2025 "]
[Site "Berlin, Germany"]
[Date "2025.04.19"]
[Round "1.16"]
[White "Kreutz, Jonas"]
[Black "Caglar, Ertan"]
[Result "1/2-1/2"]
[WhiteElo "2107"]
[BlackElo "1836"]
[PlyCount "97"]
[GameId "2175545364676778"]
[EventDate "2025.??.??"]

1. e4 Nc6 2. Nf3 f5 3. exf5 d5 4. Bb5 Bxf5 5. Ne5 Qd6 6. d4 Nf6 7. O-O Nd7 8. Bf4 Ndxe5 9. Bxe5 Qg6 10. c3 Bc2 11. Qe2 a6 12. Bxc6+ bxc6 13. Re1 e6 14. Bxc7 Bf5 15. Nd2 Be7 16. Nf3 Be4 17. Bg3 O-O 18. Ne5 Qe8 19. b4 h5 20. f3 Bf5 21. Nd3 h4 22. Bf2 h3 23. g3 Bd6 24. Nc5 Bxc5 25. bxc5 Qg6 26. Kh1 Rf6 27. Rad1 Raf8 28. Be3 Be4 29. Bf4 Bc2 30. Rd2 Ba4 31. Qf1 Qh7 32. Qd3 Qh5 33. Re5 Qf7 34. Qe3 Rb8 35. Qd3 Bb5 36. Qc2 Bc4 37. Rg5 Rb7 38. Rd1 Rf5 39. Rg4 Qh5 40. Rb1 Rxb1+ 41. Qxb1 Be2 42. Kg1 Bxf3 43. Rh4 Qg6 44. Rxh3 Be4 45. Qb8+ Rf8 46. Qe5 Qg4 47. Rh4 Qd1+ 48. Kf2 Qd2+ 49. Kf1 1/2-1/2

[Event "BSV - Berliner Einzelmeisterschaft 2025 "]
[Site "Berlin, Germany"]
[Date "2025.04.20"]
[Round "2.1"]
[White "Vavulin, Maxim"]
[Black "Klenburg, Mikhail"]
[Result "1-0"]
[WhiteElo "2527"]
[BlackElo "2338"]
[PlyCount "49"]
[GameId "2175545715267337"]
[EventDate "2025.??.??"]

1. e4 d6 2. d4 Nf6 3. Nc3 g6 4. Bg5 c6 5. f4 Bg7 6. Qd2 O-O 7. Bd3 b5 8. Nge2 Bb7 9. O-O b4 10. Na4 c5 11. e5 Qc7 12. Ng3 c4 13. Be2 Nd5 14. Bf3 f6 15. Bh4 Bh6 16. exf6 Nxf6 17. Qxb4 Bxf3 18. Rxf3 Nd5 19. Qe1 Nxf4 20. Qxe7 Qc6 21. Ne4 Nd7 22. Nac3 d5 23. Nd6 Nb6 24. Rxf4 Rxf4 25. Qe6+ 1-0

[Event "BSV - Berliner Einzelmeisterschaft 2025 "]
[Site "Berlin, Germany"]
[Date "2025.04.20"]
[Round "2.3"]
[White "Foerster, Jonas"]
[Black "Ahmadinia, Ebrahim"]
[Result "0-1"]
[WhiteElo "2266"]
[BlackElo "2396"]
[PlyCount "106"]
[GameId "2175545715267339"]
[EventDate "2025.??.??"]

1. e4 c5 2. Nf3 Nc6 3. Bb5 g6 4. O-O Bg7 5. c3 e5 6. Na3 Nge7 7. Nc2 O-O 8. a4 d5 9. exd5 Qxd5 10. d3 h6 11. Re1 Qd6 12. a5 Be6 13. a6 b6 14. Qe2 Rfd8 15. Na3 Bf5 16. Rd1 Na5 17. Be3 Nec6 18. Nh4 Be6 19. Nc4 Qe7 20. g3 Rac8 21. Ng2 Kh7 22. f3 Bd5 23. Bf2 Qf6 24. Ne1 h5 25. h4 Nb3 26. Ra3 Nca5 27. Kg2 Bc6 28. Bxc6 Rxc6 29. Nxa5 Nxa5 30. b4 cxb4 31. cxb4 Qd6 32. Rb1 Rcc8 33. Qa2 Nc6 34. Qxf7 Rc7 35. Qb3 Bf8 36. Rc1 Rdc8 37. Raa1 Nxb4 38. Rc4 b5 39. Rxc7+ Rxc7 40. Ra5 Qc6 41. Qb2 Bc5 42. Bxc5 Qxc5 43. Qe2 Nc6 44. Ra2 Nd4 45. Qe4 Qd6 46. Kh2 Qf6 47. Rf2 b4 48. Ng2 Rf7 49. f4 Qf5 50. Qd5 exf4 51. Qxd4 fxg3+ 52. Kxg3 Qxf2+ 53. Qxf2 Rxf2 0-1

[Event "BSV - Berliner Einzelmeisterschaft 2025 "]
[Site "Berlin, Germany"]
[Date "2025.04.20"]
[Round "2.4"]
[White "Ermitsch, Magnus"]
[Black "Polzin, Rainer"]
[Result "1/2-1/2"]
[WhiteElo "2401"]
[BlackElo "2401"]
[PlyCount "46"]
[GameId "2175545715267340"]
[EventDate "2025.??.??"]

1. e4 c6 2. Nc3 d5 3. Nf3 Bg4 4. h3 Bxf3 5. Qxf3 e6 6. d3 Nd7 7. Be2 Bd6 8. O-O Ne7 9. g3 O-O 10. Qg2 f5 11. f4 d4 12. Nb1 e5 13. Nd2 exf4 14. Nc4 f3 15. Bxf3 fxe4 16. Bxe4 Rxf1+ 17. Kxf1 Bc7 18. Qe2 Nf6 19. Bg5 Ned5 20. Kg2 Bxg3 21. Bxf6 Nf4+ 22. Kh1 Qxf6 23. Qg4 Qh4 1/2-1/2

[Event "BSV - Berliner Einzelmeisterschaft 2025 "]
[Site "Berlin, Germany"]
[Date "2025.04.20"]
[Round "2.5"]
[White "Matthes, Aaron"]
[Black "Hesse, Henrik"]
[Result "0-1"]
[WhiteElo "2253"]
[BlackElo "2252"]
[PlyCount "92"]
[GameId "2175545715267341"]
[EventDate "2025.??.??"]

1. d4 Nf6 2. c4 c5 3. d5 b5 4. cxb5 a6 5. bxa6 e6 6. Nc3 exd5 7. Nxd5 Be7 8. Nf3 Bxa6 9. e4 Bxf1 10. Kxf1 O-O 11. Nc3 Nc6 12. g3 c4 13. Kg2 Ra5 14. Qe2 d5 15. Rd1 Nb4 16. exd5 Nd3 17. Ne5 Nxd5 18. Nxd3 Nxc3 19. bxc3 cxd3 20. Rxd3 Qa8+ 21. Kg1 Bf6 22. Be3 Re8 23. Qd2 h5 24. h4 Rae5 25. Rd1 Ra5 26. Qe2 g6 27. R1d2 Ra4 28. Rc2 Bxh4 29. Rd4 Bg5 30. Rxa4 Qxa4 31. f4 Bd8 32. Rb2 Qe4 33. Rb8 Kh7 34. Qd2 Qxe3+ 35. Qxe3 Rxe3 36. Rxd8 Rxg3+ 37. Kf2 Rxc3 38. Ra8 Kg7 39. Ra6 h4 40. a4 h3 41. f5 Rc2+ 42. Kg1 g5 43. Rb6 Ra2 44. Rc6 Rxa4 45. Kh2 Ra3 46. Rb6 Rf3 0-1

[Event "BSV - Berliner Einzelmeisterschaft 2025 "]
[Site "Berlin, Germany"]
[Date "2025.04.20"]
[Round "2.6"]
[White "Bueyuekasik, Diyap"]
[Black "Baldauf, Marco"]
[Result "1-0"]
[WhiteElo "2236"]
[BlackElo "2457"]
[PlyCount "77"]
[GameId "2175545715267342"]
[EventDate "2025.??.??"]

1. Nf3 c5 2. b3 b6 3. g3 Bb7 4. Bg2 Nf6 5. Bb2 e6 6. O-O Be7 7. d3 O-O 8. Nbd2 d5 9. Ne5 Nc6 10. Nxc6 Bxc6 11. e4 dxe4 12. dxe4 Qc7 13. Qe2 Rfd8 14. Rfe1 b5 15. c4 Rab8 16. cxb5 Bxb5 17. Nc4 Nd7 18. Rac1 Bf8 19. f4 a5 20. Bc3 Qa7 21. f5 Re8 22. Qg4 Bxc4 23. bxc4 e5 24. Rb1 Rb4 25. Bf1 Qb6 26. Rbd1 Nb8 27. Bxb4 cxb4+ 28. c5 Bxc5+ 29. Kg2 Bd4 30. Bc4 Nd7 31. Qe2 Nc5 32. f6 g6 33. Qd2 Rf8 34. Qg5 Nd7 35. Rf1 Rc8 36. Qh6 Nxf6 37. Bxf7+ Kxf7 38. Qxh7+ Ke6 39. Rxf6+ 1-0

[Event "BSV - Berliner Einzelmeisterschaft 2025 "]
[Site "Berlin, Germany"]
[Date "2025.04.20"]
[Round "2.7"]
[White "Berger, Steve"]
[Black "Nogly, Christoph"]
[Result "1-0"]
[WhiteElo "2425"]
[BlackElo "2203"]
[PlyCount "87"]
[GameId "2175545715267343"]
[EventDate "2025.??.??"]

1. e4 e5 2. Nf3 Nc6 3. Bc4 Nf6 4. d3 Bc5 5. Nc3 a6 6. a4 d6 7. Be3 Bxe3 8. fxe3 O-O 9. O-O Be6 10. Nd2 Nb4 11. a5 d5 12. exd5 Nfxd5 13. Nxd5 Bxd5 14. Ra4 c5 15. Bxd5 Qxd5 16. Nc4 Rad8 17. e4 Qd7 18. Ra1 Nc6 19. Qh5 g6 20. Qg5 f5 21. exf5 Rxf5 22. Rxf5 Qxf5 23. Qe3 Qd7 24. Qxc5 Qd4+ 25. Qxd4 exd4 26. Re1 Kf8 27. Kf2 Rd5 28. Re4 Nb4 29. Re2 Nc6 30. Kf3 Nxa5 31. Ke4 Rb5 32. Nxa5 Rxa5 33. Kxd4 Kf7 34. c4 b6 35. Kc3 Ra1 36. d4 a5 37. d5 Rd1 38. Kc2 Rd4 39. b3 Rh4 40. g3 Rh5 41. b4 axb4 42. Kb3 b5 43. cxb5 Rxd5 44. Kxb4 1-0

[Event "BSV - Berliner Einzelmeisterschaft 2025 "]
[Site "Berlin, Germany"]
[Date "2025.04.20"]
[Round "2.8"]
[White "Richter, Michael"]
[Black "Yatskar, Martin"]
[Result "0-1"]
[WhiteElo "2402"]
[BlackElo "2169"]
[PlyCount "142"]
[GameId "2175545715267344"]
[EventDate "2025.??.??"]

1. c4 e6 2. Nf3 d5 3. d4 c5 4. cxd5 exd5 5. Nc3 Nf6 6. Bg5 Be6 7. e3 c4 8. Bxf6 Qxf6 9. g3 Nc6 10. Bg2 Bb4 11. O-O O-O 12. Kh1 Rfd8 13. Ng1 Ne7 14. Nge2 g5 15. f4 g4 16. Qa4 Bxc3 17. Nxc3 Nf5 18. Rae1 h5 19. e4 dxe4 20. Rxe4 Rxd4 21. Rxd4 Qxd4 22. Qb5 Rd8 23. Be4 a6 24. Qe5 Qxe5 25. fxe5 Ne7 26. Bxb7 Rb8 27. Bxa6 Rxb2 28. Rc1 Nc6 29. Nd1 Bd5+ 30. Kg1 Rg2+ 31. Kf1 Nxe5 32. Bxc4 Nxc4 33. Rxc4 Rxh2 34. Rc8+ Kg7 35. Nf2 h4 36. Rc3 h3 37. Rc5 Rxf2+ 38. Kxf2 h2 39. Rxd5 h1=Q 40. Rg5+ Kh6 41. Rxg4 Qh2+ 42. Kf3 Qxa2 43. Rh4+ Kg6 44. Rg4+ Kf5 45. Rf4+ Ke5 46. Re4+ Kd5 47. Rf4 Qb3+ 48. Kg4 Ke5 49. Rf5+ Ke6 50. Rf4 Qd1+ 51. Kh4 f5 52. g4 fxg4 53. Rxg4 Kf5 54. Rg2 Qe1+ 55. Kh3 Qe3+ 56. Kh4 Qh6+ 57. Kg3 Qf4+ 58. Kh3 Qf3+ 59. Kh2 Kf4 60. Kg1 Qd1+ 61. Kh2 Qe1 62. Ra2 Qe5 63. Kg1 Qc5+ 64. Kh2 Kf3 65. Rg2 Qd6+ 66. Kh1 Qh6+ 67. Kg1 Qh4 68. Rg8 Qe1+ 69. Kh2 Qd2+ 70. Kg1 Qc1+ 71. Kh2 Qc2+ 0-1

[Event "BSV - Berliner Einzelmeisterschaft 2025 "]
[Site "Berlin, Germany"]
[Date "2025.04.20"]
[Round "2.9"]
[White "Matviienko, Mykhailo"]
[Black "Florstedt, Johannes"]
[Result "0-1"]
[WhiteElo "2158"]
[BlackElo "2382"]
[PlyCount "76"]
[GameId "2175545715267345"]
[EventDate "2025.??.??"]

1. d4 Nf6 2. Nf3 g6 3. b3 Bg7 4. Bb2 O-O 5. Nbd2 c5 6. dxc5 Na6 7. e3 Nxc5 8. Be2 d6 9. O-O Bd7 10. Ne1 b5 11. Nd3 Rc8 12. Nxc5 Rxc5 13. c4 bxc4 14. Nxc4 Bc6 15. Nd2 Qa8 16. Bf3 Bxf3 17. Nxf3 Rfc8 18. b4 Rc2 19. Rb1 Ne4 20. Bxg7 Kxg7 21. a4 e5 22. b5 Qb7 23. Ne1 Rd2 24. Qb3 Nc3 25. Ra1 Ne2+ 26. Kh1 Nc1 27. Qb4 Rd1 28. Qg4 Rd2 29. Nf3 Rdc2 30. Ne1 Rd2 31. Nf3 Rdc2 32. Ne1 R2c3 33. Qd1 Qc7 34. Rb1 Qc4 35. Nf3 Rc2 36. Kg1 Qa2 37. Rb4 Ne2+ 38. Kh1 Rc1 0-1